[Event "Open Bjelovar"]
[Site "Bjelovar"]
[Date "2018.08.04"]
[Round "6.1"]
[White "Loncar, Robert"]
[Black "Ivekovic, Zvonimir"]
[Result "0-1"]
[WhiteElo "2425"]
[BlackElo "2415"]
[PlyCount "126"]
[EventDate "2018.??.??"]
[WhiteClock "1:27:00"]
[BlackClock "1:30:00"]

1. Nf3 c5 2. g3 Nf6 3. Bg2 g6 4. b3 Bg7 5. Bb2 d5 6. O-O Nc6 7. Ne5 Nxe5 8.
Bxe5 d4 9. Na3 O-O 10. Nc4 Nd5 11. Bxg7 Kxg7 12. e3 b5 13. Ne5 Qd6 14. exd4
cxd4 15. Qe2 Rb8 16. a4 a6 17. axb5 axb5 18. Rfe1 Be6 19. Nd3 Rfc8 20. Bxd5
Bxd5 21. Qxe7 Qxe7 22. Rxe7 Kf6 23. Re5 Be6 24. Rc5 Bf5 25. Ra6+ Ke7 26. Rxc8
Rxc8 27. Nb4 Bxc2 28. Nc6+ Kf8 29. Nxd4 Bd3 30. f3 Rd8 31. Nc6 Re8 32. f4 Re2
33. Ne5 Bc2 34. Rb6 Bxb3 35. Rxb5 Be6 36. d3 Bh3 37. Rb1 Rg2+ 38. Kh1 Rd2 39.
Kg1 f6 40. Nc4 Rxd3 41. Rb2 Rf3 42. Nd2 Re3 43. Kf2 Re7 44. Nc4 h5 45. Rb6 Kg7
46. Nd6 Bg4 47. Rb7 Rxb7 48. Nxb7 g5 49. h4 gxh4 50. gxh4 Kf7 51. Nc5 Kg6 52.
Ke3 Kf5 53. Ne4 Bh3 54. Nd6+ Kg4 55. Ne4 f5 56. Nf6+ Kxh4 57. Kf3 Bg4+ 58. Kg2
Bd1 59. Kf2 Kh3 60. Ke1 Kg3 61. Kxd1 h4 62. Nd5 h3 63. Ne3 Kf2 0-1

[Event "Open Bjelovar"]
[Site "Bjelovar"]
[Date "2018.08.04"]
[Round "6.2"]
[White "Sale, Srdjan"]
[Black "Srbis, Jurica"]
[Result "1/2-1/2"]
[WhiteElo "2427"]
[BlackElo "2425"]
[PlyCount "202"]
[EventDate "2018.??.??"]
[WhiteClock "1:30:00"]
[BlackClock "1:30:00"]

1. Nf3 Nf6 2. c4 g6 3. Nc3 Bg7 4. d4 O-O 5. Bg5 d6 6. e3 c5 7. d5 h6 8. Bh4 e6
9. Nd2 b5 10. dxe6 fxe6 11. cxb5 d5 12. Be2 g5 13. Bg3 d4 14. exd4 cxd4 15.
Nce4 Nxe4 16. Nxe4 Bb7 17. Bd3 Qd5 18. O-O Nd7 19. Qb3 Qxb3 20. axb3 Bd5 21.
Nd2 Nc5 22. Bc4 d3 23. Ra2 Bd4 24. Re1 Rf7 25. Re3 Bxe3 26. fxe3 Ne4 27. Nxe4
Bxe4 28. Bxe6 d2 29. Ra1 Bc2 30. b6 Kh7 31. Bxf7 axb6 32. Rf1 d1=Q 33. Rxd1
Bxd1 34. Bc4 Bc2 35. Be5 Be4 36. Bd4 Ra1+ 37. Kf2 Rc1 38. Bf1 b5 39. b4 h5 40.
g3 Rc2+ 41. Kg1 Kg6 42. h4 g4 43. Be5 Kf5 44. Bf4 Rxb2 45. Bxb5 Rxb4 46. Be8
Bd5 47. Kf2 Rb2+ 48. Ke1 Ra2 49. Bxh5 Ra8 50. e4+ Bxe4 51. Bf7 Ra5 52. Kd2 Bd5
53. Be8 Ke4 54. Bg6+ Kf3 55. Bc2 Be6 56. Kc3 Rc5+ 57. Kd2 Rc4 58. Be5 Rc8 59.
Bd1+ Kf2 60. Bc2 Rd8+ 61. Kc3 Rd5 62. Bf4 Rc5+ 63. Kd2 Rd5+ 64. Kc3 Bf7 65. Bd3
Kf3 66. Bc2 Rc5+ 67. Kd2 Rd5+ 68. Kc3 Rd8 69. Bd3 Rh8 70. Kd4 Rd8+ 71. Kc3 Rd5
72. Bc2 Rd7 73. Ba4 Rd8 74. Bc2 Ke2 75. Bf5 Kf3 76. Bc2 Ke2 77. Bf5 Bh5 78. Be4
Kf2 79. Bd3 Rf8 80. Be5 Ke3 81. Bd4+ Kf3 82. Be5 Kf2 83. Kd4 Rd8+ 84. Kc3 Bf7
85. Bf4 Bh5 86. Be5 Be8 87. Bf4 Kf3 88. Bc2 Bf7 89. Bd3 Be8 90. Bc2 Ke2 91. Bf5
Kf3 92. Bc2 Rc8+ 93. Kd2 Bh5 94. Bd3 Rf8 95. Be5 Kf2 96. Kc3 Ke3 97. Bd4+ Kf3
98. Be5 Kf2 99. Kd4 Rd8+ 100. Kc3 Be8 101. Bf4 Rd5 1/2-1/2

[Event "Open Bjelovar"]
[Site "Bjelovar"]
[Date "2018.08.04"]
[Round "6.3"]
[White "Ivekovic, Bozidar"]
[Black "Kanizaj, Benjamin"]
[Result "1-0"]
[WhiteElo "2369"]
[BlackElo "1883"]
[PlyCount "121"]
[EventDate "2018.??.??"]
[WhiteClock "1:29:00"]
[BlackClock "1:30:00"]

1. d4 d5 2. Nf3 c6 3. c4 Nf6 4. g3 Bg4 5. Ne5 Bf5 6. Bg2 e6 7. O-O Nbd7 8. cxd5
exd5 9. Nc3 Be7 10. Qb3 Qb6 11. Qxb6 axb6 12. Nxd7 Nxd7 13. f3 Bf6 14. Be3 b5
15. g4 Be6 16. a3 Nb6 17. Rad1 Be7 18. Bc1 b4 19. axb4 Bxb4 20. h3 O-O 21. Rf2
Nc4 22. e4 Ra1 23. Rff1 Re8 24. Rfe1 Rea8 25. Bf1 Bxc3 26. bxc3 b5 27. Bxc4
bxc4 28. Bf4 R1a3 29. Rc1 Rb3 30. Bd6 h6 31. Rc2 g5 32. Kf2 Kg7 33. Kg3 f6 34.
exd5 Bxd5 35. f4 Rb7 36. h4 Rf7 37. Rf2 Rd8 38. Bb4 Rdd7 39. Re8 gxh4+ 40. Kxh4
f5 41. gxf5 Rxf5 42. Rf1 Rdf7 43. Bd6 Kh7 44. Rg1 h5 45. Be5 Rf8 46. Rg7+ Kh6
47. Rxf8 Rxf8 48. Rg5 Rf7 49. Rxh5+ Kg6 50. Rg5+ Kh7 51. f5 Bf3 52. Kg3 Bd1 53.
Kf4 Kh6 54. Rg1 Bh5 55. Rh1 Rf8 56. Bg7+ Kxg7 57. Rxh5 Rc8 58. Kg5 c5 59. f6+
Kf7 60. Rh7+ Ke6 61. Re7+ 1-0

[Event "Open Bjelovar"]
[Site "Bjelovar"]
[Date "2018.08.04"]
[Round "6.4"]
[White "Kovacevic, Veljko"]
[Black "Cop, Tomislav"]
[Result "0-1"]
[WhiteElo "2178"]
[BlackElo "2340"]
[PlyCount "82"]
[EventDate "2018.??.??"]
[WhiteClock "1:26:00"]
[BlackClock "1:30:00"]

1. c4 g6 2. Nc3 Bg7 3. g3 Nf6 4. Bg2 O-O 5. Nf3 d6 6. O-O e5 7. d3 Nc6 8. e4
Nd7 9. Bg5 f6 10. Be3 Nc5 11. d4 exd4 12. Nxd4 Ne5 13. b3 Bd7 14. h3 a5 15. f4
Nf7 16. Qd2 c6 17. Rad1 Re8 18. Nde2 Re7 19. g4 Qe8 20. Ng3 Rd8 21. Bd4 Ne6 22.
Bb6 Ra8 23. Be3 Nc5 24. Rfe1 Qc8 25. f5 b6 26. Rf1 Qc7 27. g5 gxf5 28. exf5
Rae8 29. Bf4 fxg5 30. f6 gxf4 31. Nh5 Re3 32. Nxg7 R8e5 33. Rxf4 d5 34. cxd5
Nd3 35. Re4 R5xe4 36. Nxe4 Qf4 37. Ne6 Qh6 38. Kh2 cxd5 39. N4g5 d4 40. Nxf7
Kxf7 41. Nxd4 Bxh3 0-1

[Event "Open Bjelovar"]
[Site "Bjelovar"]
[Date "2018.08.04"]
[Round "6.5"]
[White "Djukin, Marko"]
[Black "Pasztor, Ferenc"]
[Result "0-1"]
[WhiteElo "2029"]
[BlackElo "2224"]
[PlyCount "118"]
[EventDate "2018.??.??"]
[WhiteClock "1:30:00"]
[BlackClock "1:30:00"]

1. e4 e5 2. Nf3 Nf6 3. Nxe5 d6 4. Nf3 Nxe4 5. d4 d5 6. Bd3 Be7 7. O-O Nc6 8.
Re1 Bf5 9. Nc3 Nxc3 10. bxc3 Bxd3 11. Qxd3 O-O 12. Bf4 Bd6 13. Ng5 g6 14. Qh3
h5 15. Bxd6 Qxd6 16. Re3 Rae8 17. Rae1 Rxe3 18. Rxe3 Qf4 19. Qg3 Qxg3 20. hxg3
Rd8 21. g4 hxg4 22. Kh2 Rd7 23. Kg3 Na5 24. Kxg4 Nc4 25. Re8+ Kg7 26. Nf3 f6
27. Ne1 Kf7 28. Rh8 Kg7 29. Ra8 a5 30. Nd3 b6 31. Nf4 Nd2 32. Rc8 f5+ 33. Kh4
Ne4 34. Ne6+ Kf6 35. Nf8 Re7 36. Rd8 Nxc3 37. Nd7+ Kg7 38. Ne5 c5 39. Rd6 cxd4
40. Nxg6 Re2 41. Kh5 Rxf2 42. Nh4 b5 43. Rg6+ Kf7 44. Nf3 Rxc2 45. Nxd4 Rxa2
46. Nxf5 b4 47. Nd6+ Ke7 48. Nf5+ Kd7 49. Nd4 a4 50. Rb6 Rb2 51. g4 a3 52. g5
a2 53. Ra6 Rb1 54. Ra7+ Kd6 55. Nb5+ Nxb5 56. Rxa2 b3 57. Ra6+ Kc5 58. g6 b2
59. Ra1 Rxa1 0-1

[Event "Open Bjelovar"]
[Site "Bjelovar"]
[Date "2018.08.04"]
[Round "6.6"]
[White "Doric, Nenad"]
[Black "Novosel, Marko"]
[Result "1-0"]
[WhiteElo "2253"]
[BlackElo "2047"]
[PlyCount "249"]
[EventDate "2018.??.??"]
[WhiteClock "1:29:00"]
[BlackClock "1:30:00"]

1. d4 Nf6 2. c4 e5 3. dxe5 Ng4 4. Bf4 g5 5. Bg3 Bg7 6. Nf3 Nc6 7. h4 Ngxe5 8.
Nxe5 Nxe5 9. hxg5 Nxc4 10. Nc3 Qxg5 11. Rh4 Nd6 12. Nd5 O-O 13. Qc2 h6 14. Nxc7
Nf5 15. Rc4 b5 16. Bf4 Qf6 17. Re4 Bb7 18. Re5 Nd4 19. Qd2 Ne6 20. Rxb5 Nxf4
21. Rxb7 Rab8 22. Nd5 Nxd5 23. Qxd5 Rxb7 24. Qxb7 Qe5 25. Rc1 Qa5+ 26. b4 Qa3
27. Rc2 Bc3+ 28. Kd1 Bxb4 29. e3 Ba5 30. Bc4 Qb4 31. Qxb4 Bxb4 32. Bb3 d6 33.
Rc7 Bc5 34. Ke2 Kg7 35. g4 Kg6 36. f4 Kf6 37. Kf3 Kg6 38. e4 Kf6 39. e5+ Kg6
40. Bd5 Bb4 41. Be4+ Kg7 42. Rxa7 dxe5 43. fxe5 Re8 44. Bd5 Rxe5 45. Rxf7+ Kg6
46. Bb3 h5 47. Rb7 hxg4+ 48. Kxg4 Ba5 49. Bc2+ Kf6 50. Bb3 Bd2 51. Rf7+ Kg6 52.
Rd7 Bb4 53. Kf4 Re7 54. Rd5 Kf6 55. a4 Re1 56. Rb5 Bd6+ 57. Kf3 Bc7 58. Rb7 Bd6
59. a5 Ra1 60. Rb6 Ke5 61. a6 Ra3 62. Rb5+ Kf6 63. Rb6 Ke5 64. Ke2 Bc5 65. Re6+
Kf5 66. Bd5 Ra5 67. Kd3 Ba7 68. Bc4 Ra3+ 69. Kc2 Bd4 70. Rc6 Ke5 71. Bb3 Ra5
72. Kd3 Bc5 73. Kc4 Bf2 74. Kb4 Be1+ 75. Kc4 Bf2 76. Rg6 Be3 77. Kd3 Bf4 78.
Re6+ Kf5 79. Kd4 Ra3 80. Bc4 Ra4 81. Re7 Bg3 82. Rf7+ Kg5 83. Kd5 Bf4 84. Bb5
Ra3 85. a7 Be3 86. Rf3 Rxa7 87. Rxe3 Kf4 88. Re4+ Kf5 89. Re1 Kf4 90. Kd4 Ra3
91. Bc4 Rg3 92. Re7 Rg5 93. Bd3 Ra5 94. Rf7+ Kg5 95. Be4 Rb5 96. Bd5 Kg4 97.
Ke5 Kg3 98. Rf3+ Kg4 99. Rf2 Ra5 100. Rg2+ Kh3 101. Rg7 Rb5 102. Ke4 Rb4+ 103.
Kf3 Kh4 104. Be4 Rb8 105. Kf4 Rb5 106. Rg8 Ra5 107. Rb8 Rc5 108. Rh8+ Rh5 109.
Rg8 Rb5 110. Rg4+ Kh5 111. Rg1 Kh6 112. Rg6+ Kh5 113. Ra6 Kh4 114. Rg6 Ra5 115.
Rg7 Rb5 116. Rg4+ Kh5 117. Rg1 Kh6 118. Bf5 Rb4+ 119. Ke5 Rb5+ 120. Kf6 Rb6+
121. Be6 Rb5 122. Ra1 Rc5 123. Bd7 Rd5 124. Bf5 Rd6+ 125. Be6 1-0

[Event "Open Bjelovar"]
[Site "Bjelovar"]
[Date "2018.08.05"]
[Round "7.2"]
[White "Srbis, Jurica"]
[Black "Pasztor, Ferenc"]
[Result "1-0"]
[WhiteElo "2415"]
[BlackElo "2224"]
[PlyCount "103"]
[EventDate "2018.??.??"]
[WhiteClock "1:25:00"]
[BlackClock "1:30:00"]

1. e4 e5 2. Nf3 Nf6 3. Nc3 Bb4 4. Nxe5 O-O 5. Be2 Re8 6. Nd3 Bxc3 7. dxc3 Nxe4
8. O-O d6 9. Re1 Nc6 10. Bf3 Bf5 11. Nf4 Nf6 12. Rxe8+ Qxe8 13. Be3 Be4 14. Be2
Qe5 15. Qd2 Nd5 16. Nxd5 Qxd5 17. Qxd5 Bxd5 18. c4 Be4 19. c3 Re8 20. Rd1 a6
21. h3 h6 22. b4 Ne7 23. g4 f5 24. f3 Bc6 25. Kf2 fxg4 26. hxg4 Kf7 27. b5 axb5
28. cxb5 Bd5 29. c4 Be6 30. a4 Ra8 31. Ra1 b6 32. f4 Ra7 33. Bd2 d5 34. f5 Bc8
35. cxd5 Bb7 36. d6 cxd6 37. Be3 Nd5 38. Bc4 Kf6 39. Bxd5 Bxd5 40. Bxb6 Ra8 41.
Bc7 Kg5 42. Kg3 h5 43. gxh5 Kxf5 44. Bxd6 Ke6 45. Bc7 Rh8 46. Kg4 Kd7 47. Be5
Bf7 48. Rh1 Rg8 49. a5 Bc4 50. b6 Be2+ 51. Kg5 Kc6 52. Rc1+ 1-0

[Event "Open Bjelovar"]
[Site "Bjelovar"]
[Date "2018.08.05"]
[Round "7.3"]
[White "Kanizaj, Benjamin"]
[Black "Sale, Srdjan"]
[Result "0-1"]
[WhiteElo "1883"]
[BlackElo "2427"]
[PlyCount "56"]
[EventDate "2018.??.??"]
[WhiteClock "1:30:00"]
[BlackClock "1:30:00"]

1. e4 c5 2. Nf3 e6 3. d4 cxd4 4. Nxd4 a6 5. Nc3 Qc7 6. Be3 Nf6 7. a3 d6 8. Be2
Nbd7 9. O-O b5 10. f3 Bb7 11. Rc1 Be7 12. Kh1 O-O 13. Bf2 Rac8 14. Qd2 Rfd8 15.
Rfe1 Ne5 16. Nd1 Qb8 17. Bg3 Rd7 18. Ne3 Nh5 19. c4 Nxg3+ 20. hxg3 bxc4 21.
Nxc4 Nxc4 22. Bxc4 d5 23. Ne2 Qe5 24. Nf4 Qg5 25. Ba2 Rcd8 26. Red1 Qxg3 27.
exd5 Bd6 28. Rc4 Bxd5 0-1

[Event "Open Bjelovar"]
[Site "Bjelovar"]
[Date "2018.08.05"]
[Round "7.4"]
[White "Cop, Tomislav"]
[Black "Jakrlin, Mihael"]
[Result "1-0"]
[WhiteElo "2340"]
[BlackElo "1881"]
[PlyCount "87"]
[EventDate "2018.??.??"]
[WhiteClock "1:30:00"]
[BlackClock "1:30:00"]

1. e4 e6 2. d4 d5 3. e5 c5 4. c3 Qb6 5. Nf3 Bd7 6. Be2 Bb5 7. c4 dxc4 8. d5
exd5 9. Qxd5 Ne7 10. Qe4 Qc6 11. Qc2 Qe6 12. Na3 a6 13. Nxc4 Nd5 14. Ng5 Qg6
15. Qd1 Nb4 16. O-O Qc2 17. Nd6+ Bxd6 18. Bxb5+ axb5 19. Qxd6 Qd3 20. Qxc5 N8a6
21. Qb6 h6 22. Nf3 O-O 23. Be3 Rfd8 24. e6 fxe6 25. Qxe6+ Kh7 26. Bxh6 Qg6 27.
Qxg6+ Kxg6 28. Bd2 Nd3 29. Bc3 Rd5 30. Rad1 Rad8 31. Rxd3 Rxd3 32. Ne5+ Kh6 33.
Nxd3 Rxd3 34. a3 Nc5 35. Rc1 Nb3 36. Re1 Nc5 37. f4 Na4 38. Re6+ Kh7 39. Be5
Rd7 40. h4 Rf7 41. g3 Rd7 42. Kf2 Nxb2 43. Bxb2 Rd2+ 44. Re2 1-0

[Event "Open Bjelovar"]
[Site "Bjelovar"]
[Date "2018.08.05"]
[Round "7.5"]
[White "Marton, Jozsef"]
[Black "Doric, Nenad"]
[Result "0-1"]
[WhiteElo "2066"]
[BlackElo "2253"]
[PlyCount "68"]
[EventDate "2018.??.??"]

1. d4 Nf6 2. c4 e6 3. Nc3 Bb4 4. Nf3 O-O 5. Qc2 d5 6. a3 Bxc3+ 7. bxc3 b6 8.
cxd5 exd5 9. e3 Ba6 10. Bxa6 Nxa6 11. O-O c5 12. c4 cxd4 13. exd4 Qc8 14. Bg5
Qxc4 15. Qxc4 dxc4 16. Rfc1 Rfc8 17. Bxf6 gxf6 18. Nd2 b5 19. Ne4 Nc7 20. Nxf6+
Kg7 21. Nh5+ Kg6 22. Nf4+ Kf5 23. Ne2 Nd5 24. Nc3 Nxc3 25. Rxc3 a5 26. f3 Rab8
27. Rac1 Ke6 28. a4 b4 29. Rxc4 Rxc4 30. Rxc4 Kd5 31. Rc1 b3 32. Kf2 b2 33. Rb1
Kxd4 34. Ke2 Kc3 0-1

[Event "Open Bjelovar"]
[Site "Bjelovar"]
[Date "2018.08.05"]
[Round "7.6"]
[White "Kovacevic, Veljko"]
[Black "Loncar, Robert"]
[Result "1-0"]
[WhiteElo "2178"]
[BlackElo "2425"]
[PlyCount "117"]
[EventDate "2018.??.??"]
[WhiteClock "1:30:00"]
[BlackClock "1:30:00"]

1. c4 e6 2. d4 Nf6 3. Nc3 d5 4. Bg5 dxc4 5. e3 a6 6. Bxc4 c5 7. dxc5 Qa5 8.
Qa4+ Nc6 9. Nf3 Qxc5 10. Be2 Qb4 11. Qxb4 Bxb4 12. Bxf6 gxf6 13. Rc1 Bd7 14.
O-O Ke7 15. a3 Bxc3 16. Rxc3 Rhd8 17. Rd1 Rac8 18. Rdc1 Be8 19. Kf1 Rd6 20. Ke1
Rcd8 21. Rd1 Rxd1+ 22. Bxd1 Rd5 23. Be2 Bd7 24. b4 h6 25. Bc4 Rh5 26. h4 e5 27.
g3 e4 28. Nd4 Nd8 29. Nb3 Bb5 30. Nc5 Bc6 31. Rc2 Re5 32. Bb3 f5 33. Kd2 Bd5
34. Kc3 Bxb3 35. Nxb3 Rd5 36. Rd2 Rxd2 37. Nxd2 Nc6 38. Nb3 Kd6 39. Nc5 b6 40.
Nxa6 Ne5 41. a4 Ng4 42. a5 bxa5 43. bxa5 Nxf2 44. Kd4 Nh1 45. Nc5 Kc6 46. a6
Kb6 47. Ke5 Nxg3 48. Kf4 Nf1 49. h5 Nd2 50. Nd7+ Kxa6 51. Ne5 Kb5 52. Nxf7 Kc4
53. Nxh6 Kd5 54. Nxf5 Nf3 55. h6 Ne5 56. h7 Ke6 57. Nd4+ Kd5 58. Kf5 Nf7 59.
Kf6 1-0